000 00499nam a22001937a 4500
003 OSt
005 20140310182325.0
008 130921t xxu||||| |||| 00| 0 eng d
020 _a0330292161
050 _aPZ 7
_b.C712 1985
082 _aFIC
_bC69l 1985
100 _aCollins, Jackie
_920795
245 _aLucky /
_cJackie Collins.
260 _aGreat Britain :
_bPan Books Ltd.,
_c1985.
300 _a638 p. :
_c18 cm.
650 _aFiction.
_9746
942 _2lcc
_cBK-FIC
999 _c11888
_d11888